LIBRARY ONLINE CATALOGUE

The Girl who couldn't keep a secret and other stories. (Record no. 14160)

MARC details
000 -LEADER
fixed length control field 00561nam a22001932 4500
001 - CONTROL NUMBER
control field 0000005592
005 - DATE AND TIME OF LATEST TRANSACTION
control field 20151217160108.0
008 - FIXED-LENGTH DATA ELEMENTS--GENERAL INFORMATION
fixed length control field 070619s xx 000 0 eng d
040 ## - CATALOGING SOURCE
Original cataloging agency KABU
Transcribing agency KABU
050 #0 - LIBRARY OF CONGRESS CALL NUMBER
Classification number PZ7
Item number .O4G57
100 1# - MAIN ENTRY--PERSONAL NAME
Personal name Omanga, Clare.
-- 0000156840
245 14 - TITLE STATEMENT
Title The Girl who couldn't keep a secret and other stories.
260 ## - PUBLICATION, DISTRIBUTION, ETC. (IMPRINT)
Place of publication, distribution, etc. Nairobi :
Name of publisher, distributor, etc. Phoenix,
Date of publication, distribution, etc. 1988.
300 ## - PHYSICAL DESCRIPTION
Extent 33 p.
908 ## - PUT COMMAND PARAMETER (RLIN)
Put command parameter 070619
950 ## - LOCAL HOLDINGS (RLIN)
-- 1
Holdings
Withdrawn status Lost status Source of classification or shelving scheme Not for loan Home library Current library Date acquired Total Checkouts Full call number Barcode Date last seen Price effective from Koha item type
    Library of Congress Classification   Kabarak, Main Campus Kabarak, Main Campus 17/12/2015   PZ7 .O4G57 001976 17/12/2015 17/12/2015 Children Collection
    Library of Congress Classification   Kabarak, Main Campus Kabarak, Main Campus 17/12/2015   PZ7 .O4G57 001975 17/12/2015 17/12/2015 Children Collection